000 00564nam a2200229 a 4500
001 0001-1394
003 ELIB.Books
008 160727 2010 eng
020 _a1576582884
035 _a(ELIB.Books)0001-1549
092 _aB
_bBen
100 _aBenge, Janet.
245 _aC. T. Studd:
_bNo Retreat
260 _aWaco
_bYWAM Publishing
_c2005
300 _a189
_c20.5 Cm
650 _aBiography
856 _nKBTS Library
_uKBTS: ELIB
942 _2ddc
_cBK
990 _a1
998 _cbat
_e2016-07-27
_mcat
_u2018-11-15
999 _c11394
_d11394